A primer on effciency measurement for utilities and transport regulators

Đã lưu trong:
书目详细资料
格式: 图书
语言:Undetermined
出版: Washington DC The World Bank 2003
主题:
标签: 添加标签
没有标签, 成为第一个标记此记录!
Thư viện lưu trữ: Trung tâm Học liệu Trường Đại học Cần Thơ
LEADER 00519nam a2200169Ia 4500
001 CTU_62861
008 210402s9999 xx 000 0 und d
082 |a 363.12 
082 |b P953 
245 2 |a A primer on effciency measurement for utilities and transport regulators 
245 0 |c Tim Coelli ... [ et al ] 
260 |a Washington DC 
260 |b The World Bank 
260 |c 2003 
650 |a Transportation hazards 
904 |i Minh (Nguyên sửa) 
980 |a Trung tâm Học liệu Trường Đại học Cần Thơ